[Event "4NCL Online Division 4"]
[Site "online"]
[Date "2020.08.25"]
[Round "1.82"]
[White "Herman, Thomas"]
[Black "Hobson, Kenneth"]
[Result "1-0"]
[WhiteElo "1847"]
[BlackElo "1840"]
[PlyCount "129"]
[EventDate "2020.08.25"]
[WhiteTeam "Dorking Casuals"]
[BlackTeam "Oxford 3"]

1. e4 e5 2. Nf3 Nc6 3. Bb5 f5 4. Bxc6 dxc6 5. Nc3 Bd6 6. d4 exd4 7. Qxd4 Qe7 8.
O-O Nf6 9. e5 c5 10. Qe3 Ng4 11. exd6 Nxe3 12. dxe7 Nxf1 13. Kxf1 Be6 14. Be3
b6 15. Bf4 Kxe7 16. Bxc7 Bc4+ 17. Kg1 Rac8 18. Re1+ Kf6 19. Be5+ Kf7 20. b3 Ba6
21. h4 Rhe8 22. Ng5+ Kg6 23. Nd5 f4 24. c4 Kf5 25. Bc3 Rxe1+ 26. Bxe1 h6 27.
Ne7+ Kf6 28. Nxc8 hxg5 29. hxg5+ Ke5 30. Nxa7 Ke4 31. Nb5 Kd3 32. Nc7 Bc8 33.
Nd5 Bf5 34. Nxf4+ Kc2 35. Nd5 Kb1 36. Nxb6 Kxa2 37. b4 cxb4 38. Bxb4 Kb3 39.
Bf8 g6 40. f3 Be6 41. c5 Kb4 42. c6+ Kb5 43. Nd7 Kxc6 44. Ne5+ Kd5 45. Nxg6 Bf7
46. Nh4 Ke6 47. Kf2 Bg8 48. Ke3 Kf7 49. Bb4 Kg7 50. Kf4 Bb3 51. g3 Bc4 52. Kg4
Bb3 53. f4 Bd1+ 54. Nf3 Kh7 55. f5 Kg7 56. Bc3+ Kg8 57. Kf4 Bb3 58. g6 Bd5 59.
Ne5 Ba2 60. Kg5 Bb1 61. f6 Ba2 62. Kh6 Kf8 63. Bb4+ Kg8 64. f7+ Kh8 65. g7# 1-0

[Event "4NCL Online Division 4"]
[Site "online"]
[Date "2020.08.25"]
[Round "1.83"]
[White "Cole, Graham"]
[Black "Collins, Anthony S"]
[Result "0-1"]
[WhiteElo "1818"]
[BlackElo "1716"]
[PlyCount "80"]
[EventDate "2020.08.25"]
[WhiteTeam "Oxford 3"]
[BlackTeam "Dorking Casuals"]

1. e4 c6 2. d4 d5 3. e5 c5 4. dxc5 Nc6 5. Bb5 Qa5+ 6. Nc3 e6 7. Be3 Nge7 8. a3
Qc7 9. f4 Bd7 10. Bxc6 Bxc6 11. Nf3 Nf5 12. Bf2 h5 13. O-O d4 14. Ne2 Bxf3 15.
gxf3 Rd8 16. c3 Bxc5 17. Qa4+ Qc6 18. Qxc6+ bxc6 19. cxd4 Bxd4 20. Nxd4 Nxd4
21. Bxd4 Rxd4 22. Rac1 Kd7 23. Rc5 Rc8 24. Rfc1 h4 25. R5c4 Rd2 26. R4c2 Rd4
27. Rc4 Rxc4 28. Rxc4 c5 29. Ra4 Rc7 30. Ra6 c4 31. Kg2 Rb7 32. Kh3 Rxb2 33.
Rxa7+ Kc6 34. Ra4 Kb5 35. Ra8 c3 36. Rb8+ Ka4 37. Rc8 Kb3 38. Rb8+ Kxa3 39. Rc8
Kb3 40. Rb8+ Ka2 0-1

[Event "4NCL Online Division 4"]
[Site "online"]
[Date "2020.08.25"]
[Round "1.84"]
[White "Davies, Will"]
[Black "Neatherway, A Philip"]
[Result "0-1"]
[WhiteElo "1547"]
[BlackElo "1798"]
[PlyCount "46"]
[EventDate "2020.08.25"]
[WhiteTeam "Dorking Casuals"]
[BlackTeam "Oxford 3"]

1. e4 c5 2. Nf3 Nc6 3. d4 cxd4 4. Nxd4 Nf6 5. Nc3 e5 6. Nxc6 bxc6 7. Bc4 Bb4 8.
Bd2 O-O 9. Qe2 Bb7 10. a3 Bxc3 11. Bxc3 d5 12. O-O-O Nxe4 13. Bxe5 Qe7 14. Bxg7
Kxg7 15. Bd3 f5 16. f3 Qg5+ 17. Kb1 Nc5 18. Qe5+ Qf6 19. Qc7+ Rf7 20. Qg3+ Kh8
21. Rhe1 f4 22. Qf2 Nxd3 23. Rxd3 Ba6 0-1

[Event "4NCL Online Division 4"]
[Site "online"]
[Date "2020.08.25"]
[Round "1.91"]
[White "Amir, Zain"]
[Black "Cheal, Barry A"]
[Result "0-1"]
[WhiteElo "1427"]
[BlackElo "2193"]
[PlyCount "94"]
[EventDate "2020.08.25"]
[WhiteTeam "Warwickshire Bears C"]
[BlackTeam "Hertford 1"]

1. c4 c6 2. Nc3 d5 3. cxd5 cxd5 4. d4 Nc6 5. Nf3 Nf6 6. Bg5 e6 7. a3 Be7 8. e3
O-O 9. Bd3 h6 10. Bh4 Nh7 11. Bxe7 Qxe7 12. Qc2 f5 13. O-O Bd7 14. Rac1 Rac8
15. Qb1 Ng5 16. Nxg5 Qxg5 17. f4 Qf6 18. Ne2 Na5 19. b3 Qe7 20. Qa2 b5 21. Kh1
Nb7 22. Ng1 Nd6 23. Nf3 Ne4 24. Bxe4 fxe4 25. Ne5 Qd6 26. Nxd7 Qxd7 27. Qb2 Qd6
28. Kg1 Kh7 29. b4 Rc4 30. Rxc4 bxc4 31. Qc3 Qc6 32. Rb1 Rb8 33. g3 Qa4 34. Kg2
Rb6 35. Ra1 a5 36. bxa5 Rb3 37. Qc2 Qxa5 38. Kf2 Rxa3 39. Rxa3 Qxa3 40. g4 Qb3
41. Qc1 c3 42. Ke2 Qc4+ 43. Ke1 Qd3 44. h4 h5 45. g5 Kg6 46. Qd1 Qxe3+ 47. Kf1
Qxf4+ 0-1

[Event "4NCL Online Division 4"]
[Site "online"]
[Date "2020.08.25"]
[Round "1.92"]
[White "Capes, Ian"]
[Black "Johal, Amrissa Kaur"]
[Result "1-0"]
[WhiteElo "1922"]
[BlackElo "1420"]
[PlyCount "117"]
[EventDate "2020.08.25"]
[WhiteTeam "Hertford 1"]
[BlackTeam "Warwickshire Bears C"]

1. d4 d5 2. Bf4 Nf6 3. e3 a6 4. Nf3 Nc6 5. c4 e6 6. Nc3 Bd6 7. Bg5 Be7 8. Be2
Ne4 9. Nxe4 dxe4 10. Bxe7 Qxe7 11. Nd2 f5 12. O-O g6 13. a3 Bd7 14. b4 b6 15.
Qc2 Na7 16. Qc3 c6 17. c5 b5 18. d5 O-O 19. d6 Qf6 20. Qxf6 Rxf6 21. f3 exf3
22. Nxf3 Re8 23. Ne5 Bc8 24. d7 Bxd7 25. Nxd7 Rf7 26. Ne5 Rff8 27. Rfd1 Rd8 28.
Rxd8 Rxd8 29. Rd1 Rxd1+ 30. Bxd1 Kf8 31. Bf3 Kg7 32. Nxc6 Nc8 33. Nb8 e5 34.
Bb7 Ne7 35. Nxa6 Kf6 36. Nc7 e4 37. Nxb5 Ke5 38. c6 f4 39. exf4+ Kxf4 40. Kf2
e3+ 41. Ke2 Nd5 42. c7 Ne7 43. c8=Q Nxc8 44. Bxc8 g5 45. a4 h5 46. a5 g4 47. a6
h4 48. a7 g3 49. hxg3+ hxg3 50. a8=Q Kg5 51. Qd5+ Kf6 52. Kxe3 Kg6 53. Qf3 Kg5
54. Qf5+ Kh6 55. Qg4 Kh7 56. Ke4 Kh8 57. Kf5 Kh7 58. Kf6 Kh8 59. Qg7# 1-0

[Event "4NCL Online Division 4"]
[Site "online"]
[Date "2020.08.25"]
[Round "1.93"]
[White "Miller, Kai"]
[Black "Morris, Simon P"]
[Result "0-1"]
[WhiteElo "1397"]
[BlackElo "1915"]
[PlyCount "79"]
[EventDate "2020.08.25"]
[WhiteTeam "Warwickshire Bears C"]
[BlackTeam "Hertford 1"]

1. e4 e6 2. d4 d5 3. e5 c5 4. c3 Nc6 5. Nf3 Qb6 6. Bd3 Bd7 7. Bc2 cxd4 8. cxd4
Nb4 9. O-O Nxc2 10. Qxc2 Rc8 11. Qe2 Bb5 12. Qd1 Bxf1 13. Qxf1 Ne7 14. Nc3 Nf5
15. Rb1 Rxc3 16. bxc3 Qxb1 17. c4 Be7 18. cxd5 exd5 19. Bf4 Qxf1+ 20. Kxf1 O-O
21. g4 Nh6 22. Bxh6 gxh6 23. Kg2 Rc8 24. Kg3 Rc2 25. a4 Ra2 26. Nh4 Rxa4 27.
Nf5 Kf8 28. Nxh6 b5 29. Nf5 b4 30. Ne3 b3 31. Nxd5 Rxd4 32. Nxe7 Kxe7 33. Kf3
b2 34. Ke3 Rxg4 35. f3 Rh4 36. Kd2 b1=Q 37. Ke3 Qb3+ 38. Kf2 Rxh2+ 39. Kg1 Rc2
40. Kh1 0-1

[Event "4NCL Online Division 4"]
[Site "online"]
[Date "2020.08.25"]
[Round "1.94"]
[White "Du Boulay, Andrew"]
[Black "Chen, Olivia"]
[Result "1-0"]
[WhiteElo "1780"]
[BlackElo "1345"]
[PlyCount "55"]
[EventDate "2020.08.25"]
[WhiteTeam "Hertford 1"]
[BlackTeam "Warwickshire Bears C"]

1. e4 e6 2. d4 d5 3. exd5 exd5 4. Nf3 c6 5. c4 Nf6 6. h3 Bd6 7. Nc3 Bf5 8. Qb3
Qb6 9. Qxb6 axb6 10. cxd5 cxd5 11. Bg5 Nbd7 12. Bb5 O-O 13. Bxd7 Nxd7 14. Nxd5
Rfe8+ 15. Ne3 Bg6 16. O-O Re4 17. Nc4 h6 18. Nxd6 Re6 19. Bf4 Rb8 20. Rfe1 Rf6
21. Bg3 Rd8 22. Nxb7 Ra8 23. Nd6 Bh5 24. Nd2 Ra4 25. Re8+ Kh7 26. N2e4 Rg6 27.
Nf5 Rxd4 28. Nxd4 1-0

[Event "4NCL Online Division 4"]
[Site "online"]
[Date "2020.08.25"]
[Round "1.101"]
[White "Cook, John"]
[Black "Gajdosz, Marek"]
[Result "0-1"]
[WhiteElo "1815"]
[BlackElo "1750"]
[PlyCount "78"]
[EventDate "2020.08.25"]
[WhiteTeam "Kent KJCA Kestrels D"]
[BlackTeam "Darnall & Handsworth"]

1. c4 Nc6 2. g3 b6 3. Bg2 Bb7 4. d4 e6 5. d5 exd5 6. cxd5 Ne5 7. Nc3 Be7 8. e4
d6 9. f4 Ng6 10. Be3 Nf6 11. Nf3 Nd7 12. O-O O-O 13. Rc1 a6 14. Nd4 Qe8 15. b4
Bf6 16. Qd2 Bxd4 17. Qxd4 f5 18. Rfe1 Qd8 19. Bf2 fxe4 20. Nxe4 h6 21. Rc2 Ne7
22. Nd2 Nf6 23. Qc4 Rc8 24. Bh3 b5 25. Be6+ Kh8 26. Qd3 Nexd5 27. Qd4 Ra8 28.
Ne4 Nxb4 29. Qxb4 c5 30. Qb2 Bxe4 31. Rce2 Bd3 32. Rd2 c4 33. g4 d5 34. g5 hxg5
35. fxg5 Ne4 36. Bd4 Nxd2 37. Bxg7+ Kh7 38. Bxf8 Qxg5+ 39. Kf2 Rxf8+ 0-1

[Event "4NCL Online Division 4"]
[Site "online"]
[Date "2020.08.25"]
[Round "1.102"]
[White "Chatterton, Craig"]
[Black "Allison, Conrad"]
[Result "0-1"]
[WhiteElo "1570"]
[BlackElo "1837"]
[PlyCount "86"]
[EventDate "2020.08.25"]
[WhiteTeam "Darnall & Handsworth"]
[BlackTeam "Kent KJCA Kestrels D"]

1. e4 e5 2. Nf3 Nc6 3. Bb5 a6 4. Ba4 d6 5. c3 f5 6. d3 fxe4 7. dxe4 Nf6 8. Bb3
Bg4 9. Bg5 Be7 10. Bxf6 Bxf6 11. Qd5 Qd7 12. Nbd2 Rf8 13. h3 Bh5 14. Qd3 O-O-O
15. O-O-O Bf7 16. Bxf7 Rxf7 17. Nf1 Ne7 18. Ne3 Qa4 19. Kb1 d5 20. Ng4 Qxe4 21.
Qxe4 dxe4 22. Rxd8+ Kxd8 23. Rd1+ Ke8 24. Nd2 h5 25. Ne3 Bg5 26. Nxe4 Bxe3 27.
fxe3 Nf5 28. Rd3 b6 29. Kc2 Ke7 30. c4 h4 31. a3 Ng3 32. Nxg3 hxg3 33. b4 Ke6
34. e4 Rf2+ 35. Rd2 Kf6 36. Kd1 Kg5 37. Rxf2 gxf2 38. Ke2 Kf4 39. Kxf2 Kxe4 40.
g3 Kd3 41. h4 e4 42. g4 Kd2 43. h5 e3+ 0-1

[Event "4NCL Online Division 4"]
[Site "online"]
[Date "2020.08.25"]
[Round "1.103"]
[White "Bansal, Saahil"]
[Black "Feather, Harry"]
[Result "1-0"]
[WhiteElo "1745"]
[BlackElo "1562"]
[PlyCount "97"]
[EventDate "2020.08.25"]
[WhiteTeam "Kent KJCA Kestrels D"]
[BlackTeam "Darnall & Handsworth"]

1. d4 f5 2. c4 e6 3. g3 Nf6 4. Bg2 Be7 5. Nc3 O-O 6. Nh3 d6 7. O-O Qe8 8. Nf4
Nc6 9. d5 exd5 10. cxd5 Ne5 11. e4 fxe4 12. Nxe4 Nxe4 13. Bxe4 Bf5 14. Bg2 Qc8
15. Ne6 Rf6 16. Bg5 Rf7 17. f4 Ng4 18. Bxe7 Rxe7 19. Re1 c6 20. Rc1 c5 21. h3
Nf6 22. g4 Bg6 23. f5 Bf7 24. h4 Qd7 25. g5 Nh5 26. Bf3 Qe8 27. Rc4 Qb5 28. Rg4
Qxb2 29. f6 Rd7 30. Rg2 Qc3 31. Kf2 g6 32. Bxh5 gxh5 33. Re3 Qc4 34. Kg3 Re8
35. Rc2 Qb4 36. Qf3 Bg6 37. Rce2 Qc4 38. Nf4 Rxe3 39. Rxe3 Bf7 40. Nxh5 Qxa2
41. Re7 Qa4 42. Nf4 Rxe7 43. fxe7 Qd7 44. Qe4 b5 45. g6 hxg6 46. Nxg6 Kg7 47.
h5 Qe8 48. Kh4 b4 49. Nf8 1-0

[Event "4NCL Online Division 4"]
[Site "online"]
[Date "2020.08.25"]
[Round "1.104"]
[White "Black, Robert"]
[Black "Moore, Eoin"]
[Result "0-1"]
[WhiteElo "1585"]
[BlackElo "1742"]
[PlyCount "83"]
[EventDate "2020.08.25"]
[WhiteTeam "Darnall & Handsworth"]
[BlackTeam "Kent KJCA Kestrels D"]

1. b4 e5 2. Bb2 Bxb4 3. Bxe5 Nf6 4. c4 Nc6 5. Bb2 d6 6. e3 O-O 7. Nf3 Re8 8. a3
Ba5 9. Nc3 Bg4 10. Be2 d5 11. O-O d4 12. Nxd4 Nxd4 13. Bxg4 Nxg4 14. Qxg4 Nb3
15. Ne4 g6 16. Nf6+ Kf8 17. Nxe8 Nxa1 18. Bxa1 Kxe8 19. Qe4+ Qe7 20. Qd5 Bb6
21. Qxb7 Rd8 22. d4 c5 23. Qc6+ Qd7 24. Qe4+ Qe7 25. Qxe7+ Kxe7 26. d5 f5 27.
f3 Bc7 28. e4 Bf4 29. e5 Be3+ 30. Kh1 Rb8 31. f4 Bxf4 32. g3 Be3 33. Re1 Rb3
34. a4 g5 35. e6 f4 36. gxf4 gxf4 37. Kg2 Ra3 38. Be5 Rxa4 39. Kf3 Rxc4 40. Bb8
Rd4 41. Bxa7 Rxd5 42. Rxe3 0-1

[Event "4NCL Online Division 4"]
[Site "online"]
[Date "2020.08.25"]
[Round "1.111"]
[White "Rossiter, Alex"]
[Black "Dasgupta, Avyukt"]
[Result "1-0"]
[WhiteElo "1967"]
[BlackElo "1757"]
[PlyCount "81"]
[EventDate "2020.08.25"]
[WhiteTeam "Bristol Cabot Blackbeards"]
[BlackTeam "Watford Juniors A"]

1. e4 e6 2. d4 d5 3. Nc3 Nf6 4. e5 Nfd7 5. f4 c5 6. Nf3 Nc6 7. Be3 cxd4 8. Nxd4
Nxd4 9. Bxd4 a6 10. Be2 Be7 11. O-O b5 12. a3 Bb7 13. Qd3 g6 14. g4 Qc7 15. Qe3
Nc5 16. Bf3 Qc6 17. Rae1 a5 18. Be2 Ba6 19. f5 Kd7 20. b4 Nb7 21. fxe6+ fxe6
22. Rb1 a4 23. Rf7 Raf8 24. Rbf1 Rxf7 25. Rxf7 Nd8 26. Rg7 Ke8 27. Qh3 Nf7 28.
Rxh7 Rg8 29. Qe3 Ng5 30. Rxe7+ Kxe7 31. Qxg5+ Kf7 32. Bc5 Qd7 33. Qf6+ Ke8 34.
Bxb5 Bxb5 35. Nxb5 d4 36. Nd6+ Qxd6 37. Bxd6 Kd7 38. Qe7+ Kc6 39. Qc7+ Kd5 40.
Qb7+ Kc4 41. Qc6# 1-0

[Event "4NCL Online Division 4"]
[Site "online"]
[Date "2020.08.25"]
[Round "1.112"]
[White "Morrell, Sean"]
[Black "Champion, Adrian W"]
[Result "1-0"]
[WhiteElo "1585"]
[BlackElo "1742"]
[PlyCount "53"]
[EventDate "2020.08.25"]
[WhiteTeam "Watford Juniors A"]
[BlackTeam "Bristol Cabot Blackbeards"]

1. e4 e6 2. Nf3 d5 3. Nc3 Nf6 4. e5 Nfd7 5. d4 c5 6. Bg5 Be7 7. Bxe7 Qxe7 8.
Nb5 Na6 9. Nd6+ Kf8 10. Bxa6 bxa6 11. O-O g6 12. Qd2 h6 13. Rac1 c4 14. b3 Nb6
15. bxc4 Nxc4 16. Nxc4 dxc4 17. Qe2 Bb7 18. Nd2 Bc6 19. Nxc4 Bb5 20. a4 Bxa4
21. Nd6 Bb5 22. c4 Bc6 23. Ra1 Rd8 24. Rxa6 Rxd6 25. exd6 Qxd6 26. Qe5 Qxe5 27.
dxe5 1-0

[Event "4NCL Online Division 4"]
[Site "online"]
[Date "2020.08.25"]
[Round "1.113"]
[White "Marston, Alastair"]
[Black "Chan, Daniel"]
[Result "1-0"]
[WhiteElo "1742"]
[BlackElo "1262"]
[PlyCount "71"]
[EventDate "2020.08.25"]
[WhiteTeam "Bristol Cabot Blackbeards"]
[BlackTeam "Watford Juniors A"]

1. Nf3 d5 2. d4 Nc6 3. c4 Nf6 4. cxd5 Nxd5 5. e4 Nf6 6. Nc3 Bg4 7. d5 Nb8 8.
Qa4+ Qd7 9. Bb5 c6 10. dxc6 Nxc6 11. Ne5 Nxe5 12. Bxd7+ Bxd7 13. Qc2 g6 14. Bf4
Nc6 15. Rd1 e5 16. Bg5 Bg7 17. Qc1 Rd8 18. O-O O-O 19. Rd6 Be6 20. Rfd1 Nd4 21.
Rxd8 Rxd8 22. f3 Rc8 23. Kh1 Bxa2 24. Qa1 Bb3 25. Bxf6 Bxf6 26. Nd5 Bxd5 27.
exd5 Rc2 28. Rc1 Nb3 29. Rxc2 Nxa1 30. Rc8+ Kg7 31. d6 Nb3 32. d7 Nd4 33. d8=Q
Bxd8 34. Rxd8 Nc6 35. Rd7 b6 36. Rc7 1-0

[Event "4NCL Online Division 4"]
[Site "online"]
[Date "2020.08.25"]
[Round "1.114"]
[White "Khandelwal, Akshaj"]
[Black "Saha, Soumil"]
[Result "1-0"]
[WhiteElo "1150"]
[BlackElo "1060"]
[PlyCount "141"]
[EventDate "2020.08.25"]
[WhiteTeam "Watford Juniors A"]
[BlackTeam "Bristol Cabot Blackbeards"]

1. d4 Nf6 2. c4 e6 3. Nf3 c5 4. e3 cxd4 5. exd4 d6 6. Nc3 Nc6 7. b3 Bd7 8. Bb2
Be7 9. Bd3 Qb6 10. Bc2 g6 11. O-O Nb4 12. h3 Nxc2 13. Qxc2 Bc6 14. d5 Bd7 15.
Rfe1 e5 16. Ne4 Nxe4 17. Qxe4 Bf5 18. Qe2 Qc5 19. Bd4 Qc7 20. c5 exd4 21. cxd6
Qxd6 22. Nxd4 Bd7 23. Nb5 Bxb5 24. Qxb5+ Kd8 25. Qxb7 Rb8 26. Qxa7 Bf6 27. Qa5+
Kd7 28. Rac1 Rbc8 29. Qb5+ Kd8 30. Rxc8+ Kxc8 31. Rc1+ Kd8 32. Qa5+ Ke8 33.
Rc8+ Kd7 34. Rc6 Qe5 35. Qa7+ Ke8 36. Qa8+ Kd7 37. Qb7+ Ke8 38. Rc8+ Bd8 39.
Qc6+ Ke7 40. d6+ Qxd6 41. Qe4+ Kd7 42. Qg4+ Ke7 43. Rc1 Kf6 44. Qf3+ Kg7 45.
Qc3+ Kh6 46. Qxh8 Bg5 47. Re1 Bf4 48. Qe8 Bh2+ 49. Kf1 Qd3+ 50. Qe2 Qf5 51.
Qe3+ Bf4 52. g4 Qf6 53. Qc5 Bd6 54. g5+ Qxg5 55. Qxg5+ Kxg5 56. a4 Bb4 57. Re4
Bc3 58. b4 f5 59. Rc4 Bd2 60. a5 Bf4 61. a6 Bb8 62. Rc8 Ba7 63. b5 Kf6 64. Rc6+
Kg7 65. Rc7+ Kf8 66. Rxa7 Ke8 67. b6 Kd8 68. b7 Kc7 69. Ra8 Kb6 70. b8=Q+ Ka5
71. Qe5+ 1-0

[Event "4NCL Online Division 4"]
[Site "online"]
[Date "2020.08.25"]
[Round "1.123"]
[White "Gardiner, Ethan"]
[Black "Podlesak, Mark"]
[Result "0-1"]
[WhiteElo "1780"]
[BlackElo "1735"]
[PlyCount "66"]
[EventDate "2020.08.25"]
[WhiteTeam "Manchester Juniors A"]
[BlackTeam "Shropshire 3"]

1. e4 d5 2. exd5 Qxd5 3. Nc3 Qd6 4. Nf3 Nf6 5. Bc4 Bg4 6. d3 e6 7. O-O Nbd7 8.
Be3 c6 9. a3 Ne5 10. Ba2 Nxf3+ 11. gxf3 Bh5 12. d4 h6 13. b4 g5 14. b5 Qxa3 15.
Bb3 Qb4 16. bxc6 Qxc3 17. cxb7 Rb8 18. Rxa7 Qc7 19. Qb1 Bxf3 20. d5 Bxd5 21.
Bb6 Qd6 22. Ba4+ Ke7 23. Qb5 Nd7 24. Ba5 Qf4 25. Qxd7+ Kf6 26. Bc3+ Kg6 27. f3
Bc5+ 28. Kg2 Bxa7 29. h3 Rhd8 30. Qb5 Rxb7 31. Qd3+ Qf5 32. Qe2 Rc8 33. Ba1 Bc4
0-1

[Event "4NCL Online Division 4"]
[Site "online"]
[Date "2020.08.25"]
[Round "1.124"]
[White "Walker, Kate"]
[Black "Jayawarna, Tarini"]
[Result "0-1"]
[WhiteElo "1705"]
[BlackElo "1712"]
[PlyCount "40"]
[EventDate "2020.08.25"]
[WhiteTeam "Shropshire 3"]
[BlackTeam "Manchester Juniors A"]

1. d4 Nf6 2. c4 g6 3. Nc3 Bg7 4. e4 d6 5. Be2 O-O 6. Nf3 e5 7. dxe5 dxe5 8.
Nxe5 Nxe4 9. Nxe4 Bxe5 10. O-O Nc6 11. Rb1 Bf5 12. Bf3 Nd4 13. b3 Nxf3+ 14.
Qxf3 Re8 15. Re1 Bxh2+ 16. Kxh2 Qh4+ 17. Kg1 Bxe4 18. Qc3 Bxb1 19. Rxe8+ Rxe8
20. Bb2 f6 0-1

[Event "4NCL Online Division 4"]
[Site "online"]
[Date "2020.08.25"]
[Round "1.131"]
[White "Pool, Melvin R"]
[Black "Tarling, Ray"]
[Result "0-1"]
[WhiteElo "1645"]
[BlackElo "1922"]
[PlyCount "76"]
[EventDate "2020.08.25"]
[WhiteTeam "Temple Sutton"]
[BlackTeam "Guildford Gatekeepers"]

1. e4 Nf6 2. e5 Nd5 3. d4 d6 4. c4 Nb6 5. Nc3 dxe5 6. dxe5 Qxd1+ 7. Nxd1 Nc6 8.
f4 f6 9. Nf3 Bg4 10. Be2 fxe5 11. fxe5 Bxf3 12. Bxf3 Nxe5 13. Bxb7 Rb8 14. Bd5
Kd7 15. b3 e6 16. Be4 Bb4+ 17. Bd2 Bxd2+ 18. Kxd2 Ke7 19. Ne3 Nbd7 20. Rhf1 g6
21. Ke2 Nc5 22. Bc2 a5 23. Kf2 Rhf8+ 24. Kg1 Rxf1+ 25. Rxf1 Rd8 26. Rd1 Rxd1+
27. Nxd1 Ned3 28. Bxd3 Nxd3 29. Nc3 Kd6 30. Ne4+ Ke5 31. Nc3 c6 32. a3 Kd4 33.
Ne2+ Ke3 34. Nc3 e5 35. Na4 Kd2 36. Nb6 e4 37. Nd7 e3 38. Nf6 e2 0-1

[Event "4NCL Online Division 4"]
[Site "online"]
[Date "2020.08.25"]
[Round "1.132"]
[White "Merriman, Rob"]
[Black "Marshall, John R"]
[Result "1/2-1/2"]
[WhiteElo "1795"]
[BlackElo "1660"]
[PlyCount "138"]
[EventDate "2020.08.25"]
[WhiteTeam "Guildford Gatekeepers"]
[BlackTeam "Temple Sutton"]

1. e4 c5 2. Nf3 Nc6 3. Bb5 g6 4. c3 Bg7 5. d4 cxd4 6. cxd4 Qb6 7. Bxc6 dxc6 8.
h3 Nf6 9. Nc3 O-O 10. O-O Nd7 11. Qc2 e5 12. d5 Re8 13. Be3 Qc7 14. Rac1 cxd5
15. Nxd5 Qxc2 16. Rxc2 Nf6 17. Nc7 Be6 18. Nxa8 Rxa8 19. b3 Nxe4 20. Ng5 Nxg5
21. Bxg5 h6 22. Bc1 Bf5 23. Rc7 b6 24. Rd1 e4 25. g4 Be6 26. Be3 Be5 27. Rc2
Kg7 28. Bd4 Bxd4 29. Rxd4 f5 30. Rd6 Kf6 31. Rcc6 Re8 32. gxf5 gxf5 33. Rc7 Ke5
34. Rd2 Rg8+ 35. Kf1 f4 36. Ke2 Rg1 37. Rd1 Rg2 38. Rc3 Rh2 39. Rg1 Bxh3 40.
Rg6 Bf5 41. Rg7 Rh1 42. Rxa7 Bg4+ 43. Kd2 Rd1+ 44. Kc2 e3 45. fxe3 fxe3 46.
Re7+ Kf4 47. Rcxe3 Rd4 48. Kc3 Rd1 49. R7e4+ Kg5 50. a4 Rc1+ 51. Kb4 Rc6 52.
Kb5 Rf6 53. Rd4 h5 54. Red3 Be2 55. Rd5+ Rf5 56. Kb4 Bxd3 57. Rxd3 Rf6 58. Kc4
h4 59. b4 Kg4 60. a5 bxa5 61. bxa5 h3 62. Kb5 h2 63. Rd1 Kg3 64. a6 Kg2 65. a7
Rf8 66. Rd2+ Kg1 67. Rd1+ Kg2 68. Rd2+ Kg1 69. Rd1+ Kg2 1/2-1/2

[Event "4NCL Online Division 4"]
[Site "online"]
[Date "2020.08.25"]
[Round "1.133"]
[White "Perks, Gary M"]
[Black "Kammin, Samuel"]
[Result "0-1"]
[WhiteElo "1547"]
[BlackElo "1780"]
[PlyCount "68"]
[EventDate "2020.08.25"]
[WhiteTeam "Temple Sutton"]
[BlackTeam "Guildford Gatekeepers"]

1. d4 e6 2. Bf4 f5 3. Nf3 Nf6 4. h3 Be7 5. c3 b6 6. e3 Bb7 7. Nbd2 O-O 8. Be2
d6 9. O-O Qe8 10. Qb3 Bd5 11. Bc4 Nbd7 12. Rfe1 Qh5 13. Bh2 Rae8 14. Bxd5 exd5
15. Nf1 Qf7 16. Ng3 Ne4 17. Ne2 Ndf6 18. Qa4 a5 19. Qc6 Bd8 20. a3 g5 21. Ng3
g4 22. Nxf5 Qh5 23. N3h4 gxh3 24. f3 Kh8 25. g4 Nxg4 26. fxe4 Bxh4 27. Qxc7 Rg8
28. Bg3 h2+ 29. Kg2 h1=Q+ 30. Rxh1 Nxe3+ 31. Kf2 Nxf5 32. Bxh4 Nxh4 33. Rh3
Rg2+ 34. Ke1 Qe2# 0-1

[Event "4NCL Online Division 4"]
[Site "online"]
[Date "2020.08.25"]
[Round "1.134"]
[White "Tarling, Adam"]
[Black "Audhora, Purba"]
[Result "1-0"]
[WhiteElo "1720"]
[BlackElo "1555"]
[PlyCount "73"]
[EventDate "2020.08.25"]
[WhiteTeam "Guildford Gatekeepers"]
[BlackTeam "Temple Sutton"]

1. e4 e5 2. Nf3 Nc6 3. d4 exd4 4. Nxd4 Nf6 5. Nxc6 bxc6 6. e5 Nd5 7. c4 Nb6 8.
Be2 c5 9. Bf3 Rb8 10. b3 Qe7 11. O-O Bb7 12. Bxb7 Rxb7 13. Bb2 Qg5 14. f4 Qf5
15. Na3 Nc8 16. Qf3 Rb8 17. Nb5 c6 18. Na3 Be7 19. Bc1 O-O 20. g4 Qe6 21. Re1
f5 22. g5 Bd8 23. Bd2 Qg6 24. Bc3 Bc7 25. Rad1 Nb6 26. Nc2 Rbd8 27. Re2 a6 28.
Ne1 Rfe8 29. Ng2 d6 30. Nh4 Qe6 31. Qxc6 Qd7 32. Qxd7 Rxd7 33. Nxf5 Red8 34. e6
Re8 35. exd7 Rxe2 36. Rxd6 Nxd7 37. Rxd7 1-0

[Event "4NCL Online Division 4"]
[Site "online"]
[Date "2020.08.25"]
[Round "1.141"]
[White "Krawczuk, Michael J"]
[Black "Dicen, Elis Denele"]
[Result "1-0"]
[WhiteElo "1967"]
[BlackElo "1810"]
[PlyCount "165"]
[EventDate "2020.08.25"]
[WhiteTeam "Wessex Some Stars C"]
[BlackTeam "Warwickshire Bears B"]

1. e4 e6 2. d4 d5 3. Nc3 Bb4 4. Qg4 Nf6 5. Qxg7 Rg8 6. Qh6 Rg6 7. Qe3 Nxe4 8.
a3 Bxc3+ 9. bxc3 Nf6 10. Nf3 Nc6 11. g3 Bd7 12. Bd3 Rg8 13. Qh6 Ng4 14. Qxh7
Nf6 15. Qh4 Ne4 16. Qh7 Nf6 17. Qh6 Ng4 18. Qf4 Qe7 19. Ne5 Ngxe5 20. dxe5
O-O-O 21. Bb2 Rg5 22. c4 Rdg8 23. Qe3 dxc4 24. Bxc4 a6 25. O-O-O Kb8 26. f4 Rh5
27. Be2 Rhh8 28. Bf3 Rd8 29. Rd3 Rhe8 30. h4 Rg8 31. g4 Na5 32. Rc3 Bc6 33.
Bxc6 Nxc6 34. g5 Rd7 35. h5 Rgd8 36. h6 Qf8 37. h7 Qh8 38. Rd3 Rxd3 39. cxd3
Ne7 40. Kc2 Nf5 41. Qf2 Qg7 42. Bc3 Rh8 43. Qh2 Qf8 44. Bb4 Qe8 45. Kb2 Qd8 46.
Qc2 Qd4+ 47. Qc3 Qf2+ 48. Kb1 Qb6 49. Ka1 Qe3 50. Qc4 Qb6 51. Bc5 Qc6 52. Rh2
Qf3 53. Qe4 Qd1+ 54. Ka2 c6 55. Rb2 Kc8 56. Qb4 b5 57. Qa5 Qa4 58. Qb6 Rxh7 59.
Qxc6+ Kb8 60. Bb6 f6 61. Rc2 Qxc2+ 62. Qxc2 fxg5 63. fxg5 Rb7 64. Qc6 Re7 65.
Bc5 Rc7 66. Bd6 Nxd6 67. Qxd6 Kb7 68. Qxe6 Rc2+ 69. Kb3 Rc7 70. Qd5+ Ka7 71. e6
b4 72. axb4 a5 73. Qxa5+ Kb8 74. Qxc7+ Kxc7 75. g6 Kd8 76. g7 Ke7 77. g8=Q Kd6
78. Kc4 Kc7 79. Kc5 Kb7 80. b5 Ka7 81. e7 Kb7 82. e8=Q Kc7 83. Qc8# 1-0

[Event "4NCL Online Division 4"]
[Site "online"]
[Date "2020.08.25"]
[Round "1.142"]
[White "Fellowes, Billy"]
[Black "Marsh, Roger D W"]
[Result "0-1"]
[WhiteElo "1562"]
[BlackElo "1952"]
[PlyCount "126"]
[EventDate "2020.08.25"]
[WhiteTeam "Warwickshire Bears B"]
[BlackTeam "Wessex Some Stars C"]

1. d4 g6 2. Bf4 d6 3. Nf3 Nd7 4. e4 Bg7 5. Nc3 e5 6. dxe5 dxe5 7. Bg3 Ne7 8.
Bc4 O-O 9. O-O c6 10. Qd2 Qc7 11. Rad1 Nb6 12. Bb3 Bg4 13. Qd6 Qxd6 14. Rxd6
Bxf3 15. gxf3 Rad8 16. Rfd1 Rxd6 17. Rxd6 Nec8 18. Rd1 Bf6 19. f4 Re8 20. fxe5
Bxe5 21. Bxe5 Rxe5 22. Rd8+ Kg7 23. a4 a5 24. f3 Re7 25. Ne2 Rd7 26. Re8 Re7
27. Rd8 Rd7 28. Re8 Re7 29. Rxe7 Nxe7 30. Kf2 Nd7 31. Ke3 f5 32. Kd4 Kf6 33.
Nf4 b6 34. Nd3 fxe4 35. fxe4 g5 36. e5+ Kf5 37. e6 Nf8 38. c3 Nxe6+ 39. Bxe6+
Kxe6 40. b4 Nf5+ 41. Ke4 Nd6+ 42. Kf3 h5 43. bxa5 bxa5 44. Nc5+ Kd5 45. Nb3 Nb7
46. Nd4 c5 47. Nb5 Nd6 48. Nxd6 Kxd6 49. Ke4 Ke6 50. c4 g4 51. Kf4 Kf6 52. Ke4
h4 53. Kd5 g3 54. hxg3 hxg3 55. Kxc5 g2 56. Kb5 g1=Q 57. Kxa5 Qc5+ 58. Ka6
Qxc4+ 59. Ka5 Ke6 60. Kb6 Qxa4 61. Kb7 Kd6 62. Kb8 Kc6 63. Kc8 Qa8# 0-1